000 01004 a2200193 4500
020 _a1562763334
020 _a9781562763336
082 0 4 _a004.165
090 _c1311
_d1311
100 1 _aSteward, Winston.
245 1 0 _aEvery family's guide to computers /
_cWinston Steward.
260 _a[S.l.] :
_bZiff Davis Pr,
_c1995.
300 _a365 p. ;
_c23 cm.
500 _aPaperback.
520 _aWritten specifically for families who have recently purchased a computer and want to know how to use it, this book discusses how current software can provide a dazzling new development in childhood education and the programs available. Readers will also learn quick and reliable troubleshooting tips for their hard drive, sound card, CD-ROM drive, printer, memory management and more.
856 4 0 _3Amazon.com
_uhttp://www.amazon.com/exec/obidos/ASIN/1562763334/chopaconline-20
856 4 0 _3Amazon customer reviews
_uhttp://www.chopac.org/cgi-bin/tools/azrev.pl?q=1562763334
942 _aNBS
_cBK
_k004 STE
999 _c343834
_d343834